Historie, současnost a perspektivy Mezinárodního měnového fondu

Historický pohľad na vznik Medzinárodného menového fondu. Zakladatelia, členstvo a členské kvóty v MMF. Čerpanie prostriedkov z MMF. Ciele MMF. Súčasná činnosť MMF. Ekonomická kritika MMF. Reakcia MMF na kritiku. Perspektívna zmena stratégie MMF.

Gespeichert in:
Bibliographische Detailangaben
1. Verfasser: Hlaváček, Karel
Weitere Verfasser: Spáčilová, Lenka
Format: Buchkapitel
Sprache:Tschechisch
Schlagworte:
Tags: Tag hinzufügen
Keine Tags, Fügen Sie das erste Tag hinzu!

MARC

LEADER 00000naa$a2200000$$$4500
001 0045998
005 20231107105900.1
041 0 |a cze 
044 |a CZ 
245 1 0 |a Historie, současnost a perspektivy Mezinárodního měnového fondu  |c Karel Hlaváček, Lenka Spáčilová 
520 |a Historický pohľad na vznik Medzinárodného menového fondu. Zakladatelia, členstvo a členské kvóty v MMF. Čerpanie prostriedkov z MMF. Ciele MMF. Súčasná činnosť MMF. Ekonomická kritika MMF. Reakcia MMF na kritiku. Perspektívna zmena stratégie MMF. 
610 2 0 |a Medzinárodný menový fond 
610 2 0 |a história 
610 2 0 |a štruktúra organizačná 
610 2 0 |a obchod medzinárodný 
610 2 0 |a systém menový medzinárodný 
610 2 0 |a prostriedky peňažné 
610 2 0 |a kríza finančná 
610 2 0 |a kríza menová 
610 2 0 |a krajiny vyspelé 
610 2 0 |a globalizácia 
610 2 0 |a politika menová 
100 1 |a Hlaváček, Karel 
700 1 |a Spáčilová, Lenka